Levinas Y Buber : (Registro nro. 68219)
[ vista simple ]
| 000 -LEADER | |
|---|---|
| fixed length control field | 01551nam a2200373 i 4500 |
| 001 - CONTROL NUMBER | |
| control field | 68219 |
| 003 - CONTROL NUMBER IDENTIFIER | |
| control field | Mx-PuUPA |
| 005 - DATE AND TIME OF LATEST TRANSACTION | |
| control field | 20240410104252.0 |
| 008 - FIXED-LENGTH DATA ELEMENTS--GENERAL INFORMATION | |
| fixed length control field | 190621s2006 ag ||||r|||| 001 0 spa d |
| 020 ## - INTERNATIONAL STANDARD BOOK NUMBER | |
| International Standard Book Number | 9872262810 |
| 040 ## - CATALOGING SOURCE | |
| Original cataloging agency | Mx-PuUPA |
| Language of cataloging | spa |
| Transcribing agency | Mx-PuUPA |
| Modifying agency | Mx-PuUPA |
| Description conventions | rda |
| 041 1# - LANGUAGE CODE | |
| Language code of text/sound track or separate title | spa |
| Language code of original | eng |
| 100 1# - MAIN ENTRY--PERSONAL NAME | |
| Personal name | Friedman, Maurice S., |
| Dates associated with a name | 1921-2012 |
| Relator term | autor |
| 9 (RLIN) | 7222 |
| 240 10 - UNIFORM TITLE | |
| Uniform title | Levinas & Duber: dialogue & difference. |
| Language of a work | Español |
| 245 1# - TITLE STATEMENT | |
| Title | Levinas Y Buber : |
| Remainder of title | diálogo y diferencias / |
| Statement of responsibility, etc. | Maurice Friedman, Matthew Calarco y Peter Atterton, editores ; traducción de Carolina Kohan y Pablo Dreizik |
| 250 ## - EDITION STATEMENT | |
| Edition statement | Primera edición |
| 264 #4 - PRODUCTION, PUBLICATION, DISTRIBUTION, MANUFACTURE, AND COPYRIGHT NOTICE | |
| Place of production, publication, distribution, manufacture | Argentina : |
| Name of producer, publisher, distributor, manufacturer | Ediciones Lilmod, |
| Date of production, publication, distribution, manufacture, or copyright notice | 2006 |
| 300 ## - PHYSICAL DESCRIPTION | |
| Extent | 313 páginas ; |
| Dimensions | 23 cm |
| 336 ## - CONTENT TYPE | |
| Content type term | texto |
| Fuente | rdacontent |
| Content type code | txt |
| 337 ## - MEDIA TYPE | |
| Media type term | sin medio |
| Source | rdamedia |
| Media type code | n |
| 338 ## - CARRIER TYPE | |
| Carrier type term | volumen |
| Source | rdacarrier |
| Carrier type code | nc |
| 490 0# - SERIES STATEMENT | |
| Series statement | Colección Estudios y reflexiones ; |
| Volume/sequential designation | 9 |
| 600 04 - SUBJECT ADDED ENTRY--PERSONAL NAME | |
| Personal name | Levines, Emmanuel, |
| Dates associated with a name | 1906 - 1995 |
| General subdivision | Crítica e interpretación |
| 700 1# - ADDED ENTRY--PERSONAL NAME | |
| Personal name | Friedman, Maurice, |
| Relator term | editor |
| 700 1# - ADDED ENTRY--PERSONAL NAME | |
| Personal name | Calarco, Matthew, |
| Relator term | editor |
| 700 1# - ADDED ENTRY--PERSONAL NAME | |
| Personal name | Atterton, Peter, |
| Dates associated with a name | editor |
| 700 1# - ADDED ENTRY--PERSONAL NAME | |
| Personal name | Kohan, Carolina, |
| Relator term | traductor |
| 700 1# - ADDED ENTRY--PERSONAL NAME | |
| Personal name | Dreizik, Pablo, |
| Relator term | traductor |
| 765 18 - ORIGINAL LANGUAGE ENTRY | |
| Main entry heading | Friedman, Maurice S., |
| Place, publisher, and date of publication | [Lugar de publicación no identificada] : Duquesne Universitary Press y The Martin Buber Estate, |
| Title | Levinas & Duber: dialogue & difference. |
| 942 ## - ADDED ENTRY ELEMENTS (KOHA) | |
| Source of classification or shelving scheme | Dewey Decimal Classification |
| Koha item type | Libro |
| Classification part | 181.06 |
| Item part | F897 |
| Withdrawn status | Lost status | Source of classification or shelving scheme | Damaged status | Not for loan | Collection code | Home library | Current library | Shelving location | Date acquired | Total Checkouts | Full call number | Barcode | Date last seen | Date last checked out | Price effective from | Koha item type |
|---|---|---|---|---|---|---|---|---|---|---|---|---|---|---|---|---|
| Dewey Decimal Classification | General | Biblioteca Karol Wojtyla | Biblioteca Karol Wojtyla | Sala general | 21/06/2019 | 1 | 181.06 F897 2006 | 48322 | 05/01/2026 | 02/12/2019 | 21/06/2019 | Libro |